000 00588nam a22001817a 4500
003 OSt
008 260626b |||||||| |||| 00| 0 eng d
020 _a9788170196532
082 _a635
_bK16T
100 _aKanaujia, S. P.
245 _aTextbook of Vegetable Production /by S. P. Kanaujia, C.S. Maiti and Raj Narayan
260 _aDelhi :
_bToday & Tomorrow Printers and Publishers,
_c2020.
300 _a443 p.
650 _aAgriculture and related technologies | Technology (Applied sciences) Vegetables
700 _aMaiti, C.S.
700 _aNarayan, Raj
942 _2ddc
_cBK
999 _c52347
_d52347